Border To Border #13 - 1 Year Special - Statistics

General Stats
  • This quiz has been taken 63 times
  • The average score is 26 of 30
Answer Stats
Starting Country: Argentina B. % Correct
Bolivia C.
100%
Paraguay B.
100%
Chile P.
98%
Brazil P.
96%
Colombia V.
96%
Ecuador C.
96%
France S.
96%
Guyana S.
96%
Suriname F.
96%
Venezuela G.
96%
Peru E.
94%
Switzerland A.
90%
Hungary C.
88%
Austria H.
86%
Albania M.
84%
Bosnia and Herzegovina M.
84%
Croatia B.
84%
Kosovo A.
84%
Montenegro K.
84%
Greece T.
78%
Macedonia G.
78%
Georgia R.
76%
Kazakhstan K.
76%
Kyrgyzstan T.
76%
Russia K.
76%
Turkey G.
76%
Afghanistan I.
75%
Azerbaijan
75%
Iran A.
75%
Tajikistan A.
75%
No matching quizzes found
Score Distribution
Percent of People with Each Score
Percentile by Number Answered
Your Score History
You have not taken this quiz